Can you name every Taylor Swift song that mentions New York? - Statistics

General Stats
  • This quiz has been taken 98 times
    14 since last reset
  • The average score is 7 of 9
Answer Stats
Lyric Song % Correct
New York, be here, but you’re in London and I break down Come Back...Be Here
100%
_______ __ New York, it’s been waiting for you, _______ __ New York, _______ __ New York Welcome To New York
100%
Be my NY when Hollywood hates me Elizabeth Taylor
92%
Back and forth from New York, sneaking in your bed Daylight
75%
You know I left a part of me back in New York hoax
75%
And I chose you, the one I was dancing with in New York, no shoes Maroon
75%
I’m New York City, I still do it for you, babe False God
67%
Back to a first-glance feeling on New York time Holy Ground
67%
Well, she’s so New York when she’s in LA When Emma Falls In Love
50%
No matching quizzes found
Score Distribution
Percent of People with Each Score
Percentile by Number Answered
Your Score History
You have not taken this quiz since the last reset